Top 5 European Leagues Top Clean Sheets: 2011/12 - Statistics

General Stats
  • This quiz has been taken 3 times
  • The average score is 12 of 28
Answer Stats
League Clean Sheets Club Nationality Player % Correct
Premier League 13 Manchester United Spain David de Gea
100%
Serie A 21 Juventus Italy Gianluigi Buffon
100%
La Liga 14 Real Madrid Spain Iker Casillas
100%
Premier League 17 Manchester City England Joe Hart
100%
Bundesliga 17 Bayern Munich Germany Manuel Neuer
100%
Bundesliga 15 Borussia Dortmund Germany Roman Weidenfeller
100%
La Liga 16 Atletico Madrid Belgium Thibaut Courtois
100%
La Liga 12 Real Sociedad Chile Claudio Bravo
67%
Bundesliga 15 Borussia Monchengladbach Germany Marc-Andre ter Stegen
67%
Serie A 17 Udinese Slovenia Samir Handanovic
67%
La Liga 17 Barcelona Spain Victor Valdes
67%
Premier League 13 Arsenal Poland Wojciech Szczesny
67%
Bundesliga 11 Bayer Leverkusen Germany Bernd Leno
33%
Premier League 14 Swansea Netherlands Michel Vorm
33%
Bundesliga 9 Freiburg Germany Oliver Baumann
33%
Premier League 15 Newcastle Netherlands Tim Krul
33%
Primeira Liga 10 Gil Vicente Brazil Adriano Facchini
0%
Serie A 13 Atalanta Italy Andrea Consigli
0%
Serie A 14 Fiorentina Poland Artur Boruc
0%
Premier League 14 Tottenham USA Brad Friedel
0%
Serie A 14 Milan Italy Christian Abbiati
0%
Primeira Liga 18 Porto Brazil Helton
0%
Serie A 13 Cagliari Italy Michael Agazzi
0%
Primeira Liga 9 Braga Portugal Quim
0%
Primeira Liga 13 Sporting Portugal Rui Patricio
0%
Primeira Liga 11 Beira-Mar Portugal Rui Rego
0%
Serie A 13 Chievo Verona Italy Stefano Sorrentino
0%
La Liga 12 Valencia Spain Vicente Guaita
0%
No matching quizzes found
Score Distribution
Percent of People with Each Score
Percentile by Number Answered
Your Score History
You have not taken this quiz